Più grandi città del Veneto - Statistics

Statistiche generali
  • Questo quiz è stato fatto 441 volte
  • Il punteggio medio è 7 su 10
Statistiche sulle risposte
Popolazione Città % Corretto
263.352 ⭐️ Venezia
100%
258.765 ⭐️ Verona
99%
210.401 ⭐️ Padova
97%
112.953 ⭐️ Vicenza
94%
83.731 ⭐️ Treviso
93%
51.867 ⭐️ Rovigo
87%
43.372 Bassano del Grappa
56%
49.706 Chioggia
50%
41.778 San Donà di Piave
29%
39.355 Schio
29%
Nessun quiz corrispondente trovato
Distribuzione punteggi
Percentuale di utenti per punteggio
Percentile per numero di risposta
I tuoi punteggi nel tempo
Non hai fatto questo quiz